000 00604nam a22002057a 4500
003 OSt
005 20140310182944.0
008 130205t xxu||||| |||| 00| 0 eng d
020 _a9789715065603
050 _aDS679
_b.M175 2010
082 _aFIL 959.903
_bM173 2010
245 _aAng pang-araw-araw na buhay sa Maynila sa panahon ng digmaang Pilipino-Amerikano, 1898-1901
_cMactal, Ronaldo B.
260 _aManila
_bUST Publishing House
_cc2010
300 _a200 p.
_c23 cm.
521 _acollege students
526 _c1210L-1700L
541 _j1
562 _e1
942 _2lcc
_cBK
_kFIL
999 _c17780
_d17780